000 01317cam a2200373 i 4500
001 29245
003 Mx-PuUPA
005 20260507112450.0
008 140415d1973 sp gr 001 0 spa d
017 _aS. 455-1973
020 _a8430105301
040 _cMx-PuUPA
_aMx-PuUPA
_bspa
_dMx-PuUPA
_erda
041 1 _aspa
_hfre
100 1 _aManaranche, André,
_917972
_eautor
240 1 0 _aJe crois en Jésus-christ aujourd'hui.
_lEspañol
245 1 _aCreo en Jesucristo hoy /
_cAndré Manaranche ; tradujeron Juan Viola y Pedro M. Beraza
264 1 _aSalamanca, España :
_bEdiciones Sígueme,
_c©1973
300 _a194 páginas ;
_c21 cm
336 _2rdacontent
_atexto
_btxt
337 _2rdamedia
_asin medio
_bn
338 _2rdacarrier
_avolumen
_bnc
490 0 _aNueva Alianza ;
_v54
650 7 _2armarc
_aCristianismo
650 7 _2armarc
_aEsencia
650 7 _2armarc
_aGenio
650 7 _2armarc
_aNaturaleza
700 1 _aViola, Juan,
_etraductor
700 1 _aBeraza, Pedro M.,
_etraductor
765 1 _aManaranche, André
_tJe crois en Jésus-christ aujourd'hui
_dParis : Les´Editions du Seuil, 1968
942 _2ddc
_cLI
_h232
_iM2618
999 _c29245
_d29245